000 00512nam a2200181Ia 4500
999 _c29813
_d29813
003 OSt
005 20210111132511.0
008 190216s9999||||xx |||||||||||||| ||und||
020 _a978818126427345
040 _coclc
082 _a894.8122
_bALB/I
100 _aAlbert, James
_98093
245 0 _aIvidam Swargamanu /
_cJames Albert
260 _bDc Books ,
_c2010.
_a Kottayam:
300 _a179p
650 _aMalayalam Nadakam
942 _cBK
_2ddc
_h894.8122
_iALB/I
_k894.8122
_mALB/I